| 000 | 00629nam a22001817a 4500 | ||
|---|---|---|---|
| 003 | OSt | ||
| 005 | 20250709010811.0 | ||
| 008 | 250709b |||||||| |||| 00| 0 eng d | ||
| 020 | _a971-8686-290 | ||
| 040 |
_aDWC-Main Lib _cOC |
||
| 082 | _aFil. 350.992 In62 2000 | ||
| 245 |
_aInvestigating Estrada: _bmillions, mansions and mistresses/ |
||
| 260 |
_aManila, Philippines: _bPhilippine Center for Investigative Journalism, _cc2000. |
||
| 300 |
_axiii, 185 pages: _billustrations, _c23cm. |
||
| 600 | _a1. Estrada, Joseph Ejercito, 1998-2001. | ||
| 650 | _a2. Governmental investigative reports. | ||
| 942 |
_2ddc _cBK - FIL _kFil _n0 |
||
| 999 |
_c3497 _d3497 |
||